000 02592nam a22003137a 4500
005 20120827144210.0
010 _aB-462167-2176
020 _a9780143415787
_c450.00
035 _aB-462167-2176
037 _adpl
_bAllied Pub/Ven
082 _a954.43
100 _aYagnik, Achyut
_952086
245 _aAhmedabad;
_cby
_bfrom Royal City to Megacity/
260 _aNew Delhi
_bPenguin Books
_c2008
270 _a11 Community centre Panchsheel park
_bNew delhi
300 _a237p.
_c18cm.
942 _2ddc
_cEN
_mGHO
_h954.43
999 _c69369
_d69369